[Event "A-Klasse 2013 (A68)"]
[Site "Berlin-Weißensee"]
[Date "2013.05.11"]
[Round "6.4"]
[White "Goetze, Frank"]
[Black "Baranowsky, Peter"]
[Result "1/2-1/2"]
[WhiteElo "2064"]
[BlackElo "1965"]
[PlyCount "169"]
[EventDate "2013.??.??"]

1. d4 Nf6 2. c4 d6 3. Nc3 Nbd7 4. e4 e5 5. Nge2 c6 6. g3 g6 7. Bg2 Bg7 8. h3
O-O 9. Be3 Re8 10. O-O Qe7 11. Qc2 b6 12. Kh2 Bb7 13. f3 Rac8 14. dxe5 Nxe5 15.
b3 d5 16. c5 bxc5 17. Bf4 d4 18. Bxe5 Qxe5 19. Na4 Ba6 20. Qd2 Red8 21. Rac1
Bf8 22. Nb2 Bxe2 23. Qxe2 Nd5 24. f4 Qe8 25. Nc4 Nc3 26. Qc2 Bg7 27. e5 Qe6 28.
Rce1 Nd5 29. h4 Rc7 30. Bh3 f5 31. Rf2 Nc3 32. Rd2 Re7 33. Rd3 Nd5 34. a3 Red7
35. Bf1 Bh6 36. Rf3 Bf8 37. Bd3 Be7 38. Rf2 Kg7 39. Kg1 Ne3 40. Nxe3 dxe3 41.
Rxe3 Rd4 42. Bc4 Qd7 {(=)} 43. Re1 Rd2 44. Qxd2 Qxd2 45. Rxd2 Rxd2 46. a4 a5
47. Re3 Kf8 48. Kf1 Bd8 49. Ke1 Rd4 50. Ke2 h5 51. Kf3 Be7 52. Rc3 Ke8 53. Bf1
Kd7 54. Ba6 Kd8 55. Bc4 Ke8 56. Be6 Kf8 57. Ke3 Re4+ 58. Kd3 Rd4+ 59. Kc2 Ke8
60. Re3 Bd8 61. Bc8 Be7 62. e6 Rd6 63. Re5 Rd5 64. Re3 Rd4 65. Bd7+ Kf8 66. Rd3
Rxd3 67. Kxd3 Bf6 68. Bxc6 Ke7 69. Bd7 Bb2 70. Kc4 Ba3 71. Kb5 Bb4 72. Bc8 Kd8
73. Bb7 Ke7 74. Bd5 Kd6 75. Kb6 Ke7 76. Kc6 Ba3 77. Bc4 Bb4 78. Kd5 Ba3 79. Bd3
Bb4 80. Bc4 Ba3 81. Kc6 Bb4 82. Kd5 Ba3 83. Kc6 Bb4 84. Kb5 Kd6 85. Kb6 1/2-1/2

[Event "A-Klasse 2013 (A68)"]
[Site "Berlin-Weißensee"]
[Date "2013.05.12"]
[Round "7.1"]
[White "Zschaebitz, Klaus"]
[Black "Sawlin, Leonid"]
[Result "1/2-1/2"]
[WhiteElo "2011"]
[BlackElo "1952"]
[PlyCount "106"]
[EventDate "2013.??.??"]

1. c4 e5 2. g3 g6 3. Bg2 Bg7 4. Nc3 Ne7 5. d3 c6 6. e4 O-O 7. Nge2 Na6 8. O-O
Nc7 9. d4 exd4 10. Nxd4 d5 11. exd5 cxd5 12. cxd5 Nexd5 13. Nxd5 Nxd5 14. Qb3
Ne7 15. Ne2 Nc6 16. Be3 Na5 17. Qb4 Nc6 18. Qa3 Bg4 19. Rad1 Qc8 20. f3 Bh3 21.
Bxh3 Qxh3 22. Nf4 Qf5 23. Rd5 Ne5 24. Bd4 Rfd8 25. Bxe5 Bxe5 26. Kg2 g5 27. Re1
Qc2+ 28. Re2 Qxe2+ 29. Nxe2 Rxd5 30. Qb3 Rad8 31. Nc3 Rd2+ 32. Kh3 R8d7 33. Ne4
R2d3 34. Qa4 g4+ 35. Kxg4 b6 36. Qc2 R3d5 37. Kh3 h6 38. b3 Kg7 39. f4 Bd4 40.
Qe2 f5 41. Nd2 b5 42. Nf3 Bf6 43. Qe8 Re7 44. Qh5 Re3 45. Kg2 Rdd3 46. Ne5 Rd2+
47. Kh3 Bxe5 48. fxe5 Rf2 49. Qe8 Ree2 50. Qe7+ Kg8 51. Qd8+ Kg7 52. Qc7+ Kg6
53. Qc6+ Kg7 1/2-1/2

[Event "A-Klasse 2013 (A68)"]
[Site "Berlin-Weißensee"]
[Date "2013.05.12"]
[Round "7.2"]
[White "Krefenstein, Sergej"]
[Black "Donath, Johann"]
[Result "0-1"]
[WhiteElo "2113"]
[BlackElo "1958"]
[PlyCount "80"]
[EventDate "2013.??.??"]

1. c4 e5 2. Nc3 Nf6 3. Nf3 Nc6 4. e3 d5 5. cxd5 Nxd5 6. Bb5 Nxc3 7. Bxc6+ bxc6
8. bxc3 Bd6 (8... e4 9. Nd4 c5 10. Qa4+ Bd7 11. Nc6 Qe7 12. Nxe7 Bxa4) 9. d4 e4
10. Nd2 Qg5 11. Qc2 Bf5 12. O-O Qg6 13. Nc4 O-O 14. Ba3 Rae8 15. Ne5 Qh6 16.
Bxd6 Qxd6 (16... cxd6 17. Nxc6 d5) 17. Qa4 f6 18. Nc4 Qd5 19. Nd2 Bd7 20. Rfb1
Bc8 21. Qxa7 f5 22. c4 (22. Qxc7 f4 23. Rb6) 22... Qd6 23. c5 Qe7 24. Qa4 Rf6
25. Rb8 f4 26. Qc2 (26. exf4 e3 27. Qb3+) 26... f3 27. Qc4+ (27. Nxe4) 27...
Kh8 28. g3 Rh6 29. Kh1 Bh3 30. Rab1 Qd7 31. Rxe8+ Qxe8 32. g4 $138 (32. Kg1 Bg2
33. h4 g5 34. Qb3 gxh4 35. Qb8 Qxb8 36. Rxb8+ Kg7 37. Nxe4) 32... Qd8 33. Qf7 (
33. Nxe4) 33... Bg2+ 34. Kg1 Rxh2 35. Qh5 Rxh5 36. gxh5 h6 37. Nxe4 Qh4 38.
Rb8+ Kh7 39. Ng3 Qh3 40. Rf8 Bf1 0-1

[Event "A-Klasse 2013 (A68)"]
[Site "Berlin-Weißensee"]
[Date "2013.05.12"]
[Round "7.3"]
[White "Baranowsky, Peter"]
[Black "Hahlbohm, Matthias"]
[Result "0-1"]
[WhiteElo "1965"]
[BlackElo "2106"]
[PlyCount "42"]
[EventDate "2013.??.??"]

1. d4 c5 2. d5 e5 3. e4 d6 4. Bb5+ Nd7 5. a4 a6 6. Be2 g6 7. Nc3 Bg7 8. Nf3 Ne7
9. O-O O-O 10. a5 h6 11. Nd2 f5 12. Nc4 Nf6 13. f4 exf4 14. Bxf4 Nxe4 15. Nxe4
fxe4 16. Bxd6 Rxf1+ 17. Bxf1 Bd4+ 18. Kh1 Nf5 19. Qg4 Kh7 20. c3 (20. Qf4)
20... Nxd6 21. Qe2 Bg7 0-1

[Event "A-Klasse 2013 (A68)"]
[Site "Berlin-Weißensee"]
[Date "2013.05.12"]
[Round "7.4"]
[White "Jaeger, Andre"]
[Black "Goetze, Frank"]
[Result "0-1"]
[WhiteElo "2025"]
[BlackElo "2064"]
[PlyCount "100"]
[EventDate "2013.??.??"]

1. d4 Nf6 2. c4 e6 3. Nc3 Bb4 4. Nf3 b6 5. Qb3 Bxc3+ 6. Qxc3 Bb7 7. e3 Ne4 8.
Qc2 f5 9. Bd3 d6 10. O-O Nd7 11. Nd2 Nxd2 12. Bxd2 O-O 13. b4 c5 14. d5 Qf6 15.
dxe6 Qxe6 16. Rae1 Ne5 17. Be2 Qg6 18. f3 Rae8 19. Kh1 Rf6 20. bxc5 dxc5 21.
Bc3 Rd6 22. Bxe5 Rxe5 23. Bd3 Bc8 24. g4 Qe8 25. gxf5 Rxe3 26. Be4 Rxe1 27.
Rxe1 Kf8 28. Rg1 Qe5 29. Qg2 Rd4 30. h4 Rxc4 31. Qg5 Qf6 32. Qxf6+ gxf6 33. h5
Rd4 34. h6 Rd7 35. Bc6 Rc7 36. Be4 Bb7 37. Rg7 Rxg7 38. hxg7+ Kxg7 39. Bxb7 Kh6
40. f4 Kh5 41. Bf3+ Kh4 42. Kg2 c4 43. Bd1 b5 44. Kf3 a5 45. Ke4 Kg3 46. Kd5
Kxf4 47. Kc5 Ke3 48. Kxb5 (48. a4 bxa4 49. Kxc4) 48... Kd2 49. Ba4 c3 50. Kxa5
h5 0-1